• 首页
  • 本馆介绍
  • 公告通知
  • 最新文献
  • 馆藏检索
  • 电子资源
  • 读者导购
  • 参考咨询
  • 我的图书馆
  • 登录
  • 详细信息显示
  • 放入我的书架
  • 预约/预借图书
  • 作者相关作品
  • 分类相关作品
  • 丛书相关作品
  • 出版社相关作品

书目信息

  • 表格格式
  • 工作单格式
  • 卡片格式
题名:
国际礼仪
    
 
作者: 金正昆 编著
分册:  
出版信息: 北京   北京大学出版社  2005
页数: 273页
开本: 24cm
丛书名: 《现代礼仪》丛书
单 册:
中图分类: K891.26
科图分类:
主题词: 礼仪--基本知识--世界 , 礼仪
电子资源:
ISBN: 7-301-09364-0
000 00942oam2 2200289 450
001 012007529617
005 20070523090824.54
010    @a7-301-09364-0@dCNY36.00
100    @a20070515d2005 km y0chiy0120 ea
101 0  @achi
102    @aCN@b110000
105    @aa z 000yy
106    @ar
200 1  @a国际礼仪@Aguo ji li yi@f金正昆编著@Fjin zheng kun bian zhu
210    @a北京@c北京大学出版社@d2005
215    @a273页@c图@d24cm
225 2  @a《现代礼仪》丛书
300    @a东方燕园培训书系
330    @a全书分8章,具体而详尽地介绍了国际交往活动中的各种礼仪及惯例,内容有外事接待、出入国境、社交应酬、公务活动、宗教等方面的礼节与风俗。
461  0 @12001 @a《现代礼仪》丛书
510 1  @aNew guide to the international etiquette@zeng
606 0  @a礼仪@x基本知识@y世界
606 0  @a礼仪
690    @aK891.26@v4
701  0 @a金正昆@Ajin zheng kun@f(1959~)@4编著
801  0 @aCN@bRULIN@c20070523
905    @dK891.26@e141@s8
    
    国际礼仪/金正昆编著.-北京:北京大学出版社,2005
    273页:图;24cm.-(《现代礼仪》丛书)
    东方燕园培训书系
    
    ISBN 7-301-09364-0:CNY36.00
    全书分8章,具体而详尽地介绍了国际交往活动中的各种礼仪及惯例,内容有外事接待、出入国境、社交应酬、公务活动、宗教等方面的礼节与风俗。
●
相关链接 在E读中查询图书 在五车中查询图书 在当当中查询图书 在豆瓣中查询图书


正题名:国际礼仪     索取号:K891.26/141         预约/预借

序号 登录号 条形码 馆藏地/架位号 状态 备注
1 0575873   205758731   第二样本阅览室/ [索取号:K891.26/141] 在馆    
2 0575874   205758740   密集书库/ [索取号:K891.26/141] 在馆    
3 0575875   205758759   第二借阅区/ [索取号:K891.26/141] 在馆    
4 0575876   205758768   第二借阅区/ [索取号:K891.26/141] 在馆    
5 0575877   205758777   密集书库/ [索取号:K891.26/141] 在馆    
6 0575878   205758786   第二借阅区/ [索取号:K891.26/141] 已借出,限还日期为2022.10.03
借出人:陈伟莲  
 
7 0575879   205758795   密集书库/ [索取号:K891.26/141] 在馆    
8 0575880   205758802   第二借阅区/ [索取号:K891.26/141] 在馆    
唐山师范学院图书馆 欢迎您!
大连网信软件有限公司© 版权所有